B30_ひらがな・カタカナのみで書ける市区町村 - Statistics

General Stats
  • This quiz has been taken 81 times
  • The average score is 34 of 41
Answer Stats
都道府県名 種類 市町村名 % Correct
茨城県 つくば市
95%
茨城県 つくばみらい市
93%
埼玉県 さいたま市
91%
福井県 あわら市
89%
沖縄県 うるま市
89%
茨城県 ひたちなか市
89%
福島県 いわき市
88%
宮崎県 えびの市
88%
青森県 つがる市
88%
群馬県 みどり市
88%
愛知県 あま市
86%
福岡県 うきは市
86%
茨城県 かすみがうら市
86%
石川県 かほく市
86%
栃木県 さくら市
86%
香川県 さぬき市
86%
秋田県 にかほ市
86%
北海道 ニセコ町
86%
三重県 いなべ市
84%
高知県 いの町
84%
兵庫県 たつの市
84%
香川県 まんのう町
84%
青森県 むつ市
84%
群馬県 みなかみ町
82%
青森県 おいらせ町
80%
鹿児島県 さつま町
80%
愛知県 みよし市
80%
千葉県 いすみ市
79%
埼玉県 ときがわ町
79%
熊本県 あさぎり町
77%
福井県 おおい町
77%
福岡県 みやま市
77%
北海道 えりも町
75%
和歌山県 かつらぎ町
75%
徳島県 つるぎ町
75%
和歌山県 みなべ町
75%
福岡県 みやこ町
75%
北海道 むかわ町
75%
佐賀県 みやき町
73%
和歌山県 すさみ町
71%
北海道 せたな町
71%
No matching quizzes found
Score Distribution
Percent of People with Each Score
Percentile by Number Answered
Your Score History
You have not taken this quiz